Argentina Fact-File - Statistics

General Stats
  • This quiz has been taken 8 times
  • The average score is 13 of 17
Answer Stats
Hint Answer % Correct
Currency Argentine Peso
100%
Bordering Country Bolivia
100%
Bordering Country Brazil
100%
Capital City Buenos Aires
100%
Largest City (By Population) Buenos Aires
100%
Bordering Country Chile
100%
Most popular sport Football
100%
Bordering Country Paraguay
100%
Driving Side Right
100%
Continent South America
100%
Official Language Spanish
100%
Bordering Country Uruguay
100%
Highest Point Aconcagua
63%
Calling Code +54
38%
Tallest Building Alvear Tower
13%
National Anthem (English Name) Argentine National Anthem
0%
National Animal Rufous Hornero
0%
No matching quizzes found
Score Distribution
Percent of People with Each Score
Percentile by Number Answered
Your Score History
You have not taken this quiz